000 01726cam a2200349 a 4500
001 000012840
005 20200929163102.0
008 020920s2002 mx b i000 0 spa
010 _a2002488397
020 _a9686384596
040 _aDO-SdBNP
_cDLC
_dDLC
043 _an-mx---
050 0 0 _aF1236
_b.F78 2002
245 0 0 _aFrontera y globalizacion /
_cLeopoldo Zea, Hernan Taboada, compiladores.
250 _a1. ed.
260 _aMexico, D.F. :
_bInstituto Panamericano de Geografia e Historia :
_bFondo de Cultura Economica,
_c2002.
300 _a167 p. ;
_c22 cm.
490 1 _aColeccion tierra firme. Latinoamerica en la globalizacion y el tercer mundo ;
_vt. 1
504 _aIncludes bibliographical references.
505 0 _aLa frontera en la globalizacion / Leopoldo Zea -- Epistemologia del concepto frontera en el pensamiento latinoamericano / Alberto Saladino Garcia -- El discurso de la liminalidad y de la simultaneidad / Krystof Kulawik -- El proceso de la modernizacion y los cambios del modelo politico y economico de Mexico / Xu Shicheng.
651 0 _aMexico
_xPolitics And Government
_y1988-2000.
_929693
651 0 _aMexico
_xEconomic Policy.
_929694
650 0 _aSocial change
_zMexico
_xHistory
_y20th century.
_929695
650 0 _aGlobalization.
_929696
650 0 _aFrontier thesis.
_929697
700 1 _aZea, Leopoldo,
_d1912-
_93675
700 1 _aTaboada, Hernan.
_93676
710 2 _aPan American Institute of Geography and History.
_93449
710 2 _aFondo de Cultura Economica (Mexico)
_921436
830 0 _aColeccion Tierra firme (Fondo de Cultura Economica (Mexico)).
_pLatinoamerica en la globalizacion y el tercer mundo ;
_vt. 1.
_929698
910 _aCatalogación por copia / LC
999 _c12488
_d12488